|
|
|
|
| LEADER |
01195nam a22002657a 4500 |
| 001 |
AAL8459 |
| 003 |
BD-DhAAL |
| 005 |
20160402201119.0 |
| 008 |
160402s 2011bg ||||| |||| 00| 0 ben d |
| 020 |
|
|
|a 9789845040242
|
| 040 |
|
|
|a BD-DhAAL
|c BD-DhAAL
|
| 082 |
|
|
|a 891/.4414
|
| 999 |
|
|
|c 37350
|d 37350
|
| 999 |
|
|
|c 37333
|
| 100 |
|
|
|a রহমান, মাসুদ
|9 18940
|
| 245 |
|
|
|a রবীন্দ্রনাথের সংসার /
|c মাসুদ রহমান
|
| 260 |
|
|
|a ঢাকা :
|b মূর্ধণ্য,
|c ২০১১
|
| 300 |
|
|
|a ৮০ পৃ. ;
|c ২১ সেমি.
|
| 490 |
|
|
|a রবীন্দ্র-স্মারক গ্রন্থমালা
|
| 541 |
|
|
|e 8459
|
| 600 |
|
|
|a Tagore, Rabindranath,
|d 1861-1941.
|9 18830
|
| 852 |
|
|
|a Savar Campus Library
|c General Shelf
|
| 942 |
|
|
|2 ddc
|c BK
|
| 952 |
|
|
|0 0
|1 0
|2 ddc
|4 0
|6 891_000000000000000__4414_RAH
|7 0
|9 58669
|a SCL
|b SCL
|c GEN
|d 2016-04-02
|e Gift: BLC, Savar
|g 120.00
|l 0
|o 891.4414 RAH
|p 3020008459
|r 2016-04-02
|t 1
|w 2016-04-02
|y BK
|
| 952 |
|
|
|0 0
|1 0
|2 ddc
|4 0
|6 891_000000000000000__4414_RAH
|7 0
|9 62818
|a SCL
|b SCL
|c GEN
|d 2018-03-10
|e Gift: BLC, Savar
|g 120.00
|l 0
|o 891.4414 RAH
|p 3020009491
|r 2018-03-10
|t 2
|w 2018-03-10
|y BK
|